<?xml version="1.0" encoding="UTF-8"?>
<record
    xmlns:xsi="http://www.w3.org/2001/XMLSchema-instance"
    xsi:schemaLocation="http://www.loc.gov/MARC21/slim http://www.loc.gov/standards/marcxml/schema/MARC21slim.xsd"
    xmlns="http://www.loc.gov/MARC21/slim">

  <leader>01392nam a2200265 a 4500</leader>
  <controlfield tag="001">BRCA_7324</controlfield>
  <controlfield tag="005">20190320205808.0</controlfield>
  <controlfield tag="008">110712s1943----sp-a######---#000-0#spa-#</controlfield>
  <datafield tag="041" ind1=" " ind2=" ">
    <subfield code="a">spa</subfield>
  </datafield>
  <datafield tag="044" ind1=" " ind2=" ">
    <subfield code="a">sp</subfield>
  </datafield>
  <datafield tag="050" ind1=" " ind2="4">
    <subfield code="a">PC4620</subfield>
    <subfield code="b">.C68 1943</subfield>
  </datafield>
  <datafield tag="100" ind1="1" ind2=" ">
    <subfield code="a">Covarrubias Horozco, Sebasti&#xE1;n de</subfield>
    <subfield code="9">18114</subfield>
  </datafield>
  <datafield tag="245" ind1="1" ind2="0">
    <subfield code="a">Tesoro de la lengua castellana o espa&#xF1;ola</subfield>
    <subfield code="b">seg&#xFA;n la impresi&#xF3;n de 1611, con las adiciones de Benito Remigio Noydens publicadas en la de 1674</subfield>
    <subfield code="c">Sebasti&#xE1;n de Covarrubias ; edici&#xF3;n preparada por Mart&#xED;n de Riquer.</subfield>
  </datafield>
  <datafield tag="260" ind1=" " ind2=" ">
    <subfield code="a">Espa&#xF1;a</subfield>
    <subfield code="b">S. A. Horta, I. E.</subfield>
    <subfield code="c">1943</subfield>
  </datafield>
  <datafield tag="300" ind1=" " ind2=" ">
    <subfield code="a">xv, 1093 p.</subfield>
    <subfield code="b">il.</subfield>
    <subfield code="c">28 cm.</subfield>
  </datafield>
  <datafield tag="500" ind1=" " ind2=" ">
    <subfield code="a">Incluye &#xED;ndice alfab&#xE9;tico</subfield>
  </datafield>
  <datafield tag="500" ind1=" " ind2=" ">
    <subfield code="a">Incluye portada de la primera edici&#xF3;n: Tesoro de la Lengva Castellana, o Espa&#xF1;ola. Compvuesto por el Licenciado Don Sebastian de Cobarruvias Orozco, Capellan de su Magestad, Mastrescuela y Canonigo de la Santa Yglesia de Cuenca, y Consultor del Santo Oficio de la Inquisicion. Dirigido a la Magestad Catolica del Rey Don Felipe III. nuestro se&#xF1;or. Madrid: Luiz Sanchez, impressor del Rey N S., 1611</subfield>
  </datafield>
  <datafield tag="500" ind1=" " ind2=" ">
    <subfield code="a">Diccionario inventariado por Banco de M&#xE9;xico como libro</subfield>
  </datafield>
  <datafield tag="500" ind1=" " ind2=" ">
    <subfield code="a">N29</subfield>
  </datafield>
  <datafield tag="650" ind1="1" ind2="4">
    <subfield code="a">Espa&#xF1;ol</subfield>
    <subfield code="v">Diccionarios</subfield>
    <subfield code="9">18115</subfield>
  </datafield>
  <datafield tag="700" ind1="1" ind2=" ">
    <subfield code="a">Noydens, Benito Remigio</subfield>
    <subfield code="d">1630-1685</subfield>
    <subfield code="9">18116</subfield>
  </datafield>
  <datafield tag="700" ind1="1" ind2=" ">
    <subfield code="a">Riquer, Mart&#xED;n de</subfield>
    <subfield code="c">Conde de Casa D&#xE1;valos</subfield>
    <subfield code="d">1914-</subfield>
    <subfield code="e">Editor</subfield>
    <subfield code="9">18117</subfield>
  </datafield>
  <datafield tag="902" ind1=" " ind2=" ">
    <subfield code="a">GFM</subfield>
  </datafield>
  <datafield tag="942" ind1=" " ind2=" ">
    <subfield code="2">lcc</subfield>
    <subfield code="c">B</subfield>
  </datafield>
  <datafield tag="999" ind1=" " ind2=" ">
    <subfield code="c">7000</subfield>
    <subfield code="d">7000</subfield>
  </datafield>
  <datafield tag="952" ind1=" " ind2=" ">
    <subfield code="0">0</subfield>
    <subfield code="1">0</subfield>
    <subfield code="4">0</subfield>
    <subfield code="7">0</subfield>
    <subfield code="a">BRCA</subfield>
    <subfield code="b">BRCA</subfield>
    <subfield code="d">2012-07-11</subfield>
    <subfield code="i">N29</subfield>
    <subfield code="l">0</subfield>
    <subfield code="o">PC4620 .C68 1943 (N29)</subfield>
    <subfield code="p">7907</subfield>
    <subfield code="r">2019-03-22 00:00:00</subfield>
    <subfield code="w">2019-03-22</subfield>
    <subfield code="y">B</subfield>
  </datafield>
</record>
